000 00538nam a2200205Ia 4500
005 20250923144318.0
008 008 250917s9999 xx 000 0 eng d
037 _aTextual
040 _aDSWL
_beng
_cDSWL
041 _aeng
_2eng
084 _aMY31, F2
_qDSWL
100 _aIrwin, Florence
_9823543
245 0 _aComplete auctin bridge player
_cby Florence Irwin
260 _c1922
300 _a406 p.
365 _aINR
_b7 6.
925 _g7 6.
942 _cTEXL
_hMY31, F2
999 _c1437317
_d1437317